Building ecology : (Record no. 355335)

000 -LEADER
fixed length control field 01115cam a22003257a 4500
001 - CONTROL NUMBER
control field 13254008
003 - CONTROL NUMBER IDENTIFIER
control field Nust- CAS-E
005 - DATE AND TIME OF LATEST TRANSACTION
control field 20180118181358.0
008 - FIXED-LENGTH DATA ELEMENTS--GENERAL INFORMATION
fixed length control field 030626s2002 enka b 001 0 eng
010 ## - LIBRARY OF CONGRESS CONTROL NUMBER
LC control number 2003271700
015 ## - NATIONAL BIBLIOGRAPHY NUMBER
National bibliography number GBA2-X3314
020 ## - INTERNATIONAL STANDARD BOOK NUMBER
International Standard Book Number 0632064137
035 ## - SYSTEM CONTROL NUMBER
System control number (OCoLC)ocm49784424
040 ## - CATALOGING SOURCE
Original cataloging agency UKM
Transcribing agency UKM
Modifying agency IXA
-- DLC
042 ## - AUTHENTICATION CODE
Authentication code lccopycat
050 00 - LIBRARY OF CONGRESS CALL NUMBER
Classification number TH880
Item number .G73 2002
082 04 - DEWEY DECIMAL CLASSIFICATION NUMBER
Classification number 624
Edition number 21
Author Mark GRA 2003
100 1# - MAIN ENTRY--PERSONAL NAME
Personal name Graham, Peter.
245 10 - TITLE STATEMENT
Title Building ecology :
Remainder of title first principles for a sustainable built environment /
Statement of responsibility, etc. Peter Graham.
260 ## - PUBLICATION, DISTRIBUTION, ETC.
Place of publication, distribution, etc. Oxford :
Name of publisher, distributor, etc. Blackwell Science,
Date of publication, distribution, etc. 2003.
300 ## - PHYSICAL DESCRIPTION
Extent xiv, 290 p. :
Other physical details ill. ;
Dimensions 25 cm.
504 ## - BIBLIOGRAPHY, ETC. NOTE
Bibliography, etc. note Includes bibliographical references and index.
650 #0 - SUBJECT ADDED ENTRY--TOPICAL TERM
Topical term or geographic name entry element Sustainable buildings
General subdivision Design and construction.
650 #0 - SUBJECT ADDED ENTRY--TOPICAL TERM
Topical term or geographic name entry element Sustainable architecture.
650 #0 - SUBJECT ADDED ENTRY--TOPICAL TERM
Topical term or geographic name entry element Building
General subdivision Environmental aspects.
650 #0 - SUBJECT ADDED ENTRY--TOPICAL TERM
Topical term or geographic name entry element Building
General subdivision Environmental aspects
Form subdivision Case studies.
906 ## - LOCAL DATA ELEMENT F, LDF (RLIN)
a 7
b cbc
c copycat
d 2
e ncip
f 20
g y-gencatlg
942 ## - ADDED ENTRY ELEMENTS (KOHA)
Source of classification or shelving scheme
Koha item type Book
Holdings
Withdrawn status Lost status Source of classification or shelving scheme Damaged status Not for loan Collection code Permanent Location Current Location Shelving location Date acquired Source of acquisition Total Checkouts Full call number Barcode Date last seen Cost, replacement price Price effective from Koha item type
            US-Pakistan Center for Advanced Studies in Energy (USPCAS-E) US-Pakistan Center for Advanced Studies in Energy (USPCAS-E) General Stacks 04/17/2013 Victoria co   624 GRA 2003 CAS-E0000225 04/17/2014 11817.00 04/17/2014 Book
© 2023 Central Library, National University of Sciences and Technology. All Rights Reserved.